Derecho de las mujeres a una vida sin violencia : guías didácticas para la lectura crítica /

Guardado en:
Autor Principal: Matteucci, Norma
Formato: Libro
Publicado: Buenos Aires : Noveduc, 2017
Series:Biblioteca Didáctica
Materias:
Etiquetas: Agregar Etiqueta
Sin Etiquetas, Sea el primero en etiquetar este registro!
LEADER 01333nam a22002175a 4500
001 CEM.cems014798
005 20170810161251.0
008 130507s2017##################000#0#####d
003 CEMS
020 |a 9789875385313 
082 0 4 |a 396 
100 1 |a Matteucci, Norma 
245 1 0 |a Derecho de las mujeres a una vida sin violencia :  |b guías didácticas para la lectura crítica /  |c Norma Matteucci 
260 |a Buenos Aires :  |b Noveduc,  |c 2017 
300 |a 128 p. 
490 0 |a Biblioteca Didáctica 
505 0 |a La Violencia O La Negación Del Otro -- Desplazamiento De La Agresividad -- Violencia Contra Las Mujeres -- Masculinidades Y Violencia -- Marco Legal -- Violencia: Un Tema Sin Clausura Posible -- La Heterodesignación Patriarcal -- La Violencia Simbólica -- Discriminaciónes Múltiples -- Coacción Estética -- Cosificación Por La Belleza -- Sexismo Lingüístico -- Si Te Cela, No Te Ama -- Masculinidades Y Opresiones -- La Violencia Obstétrica -- El Femicidio -- Violencia Y Miedo -- Noviazgo Y Violencia -- No A La Emoción Violenta -- Literatura Y Violencia -- Ni una menos -- Día internacional de la eliminación de la violencia contra la mujer -- Análisis de canciones 
653 |a Violencia 
653 |a Machismo 
653 |a Derechos de la mujer 
859 |a CEMS  |b BIB. CEMS - 11 de abril  |h 396  |i M429  |p 27382.17  |t Ej.1